| 000 | 00809nam a22001935i 4500 | ||
|---|---|---|---|
| 001 | 167201 | ||
| 003 | ES-MaACL | ||
| 005 | 20230906213457.0 | ||
| 008 | 050921s1882 cl ac | |||||||| ||spa d | ||
| 040 |
_aCAM _bspa _cCAM |
||
| 100 | 1 |
_aVera, Robustiano. _9113952 |
|
| 245 | 1 | 3 |
_aEl Jeneral [sic] Don Frai José Félix Aldao o sea El Fraile Aldao / _cpor Robustiano Vera. |
| 260 |
_aSantiago de Chile : _b[s.n.], _c1882 ( _fImprenta de La República, de J. Núñez) |
||
| 300 |
_aXXX, 155 p., [1] h. de lám. ; _c16 cm. |
||
| 599 | _aLa h. de lám. lit.: "Lit. Cadot", retrato del biografiado. | ||
| 600 | 1 | 4 |
_aAldao, José Félix- _xBiografías. _9125595 |
| 651 | 4 |
_aArgentina- _xHistoria- _yS.XIX. _97811 |
|
| 852 |
_aES-MaACL _jT-482-F-1 _z-- Enc. hol., falto de la cub. original _z-- Enc. en un vol. facticio |
||
| 999 |
_c167201 _d167201 |
||